El dibujante forense y la criminalística (Registro nro. 10377)
[ vista simple ]
| 000 -Cabecera | |
|---|---|
| Campo de control de longitud fija | 00762nam a22002897a 4500 |
| 005 - Fecha y hora de la última transacción | |
| Campo de control | 20251103163727.0 |
| 008 - Elementos de longitud fija--Información general | |
| Campo de control de longitud fija | 180305b2014 xxu||||| |||| 00| 0 spa d |
| 020 ## - International Standard Book Number | |
| Número Internacional Estándar del Libro (ISBN) | 9789875171428 |
| 041 ## - Idioma | |
| Código de idioma | Español |
| 082 ## - Clasificación Decimal Dewey | |
| Número de clasificación | 363.25 S717d |
| 100 ## - Entrada principal--Autor personal | |
| Nombre personal | Sotela, Ramón |
| 9 (RLIN) | 45790 |
| 245 ## - Título propiamente dicho | |
| Título | El dibujante forense y la criminalística |
| 260 ## - Pie de imprenta | |
| Lugar de publicación, distribución, etc. | Argentina |
| 260 ## - Pie de imprenta | |
| Nombre del editor, distribuidor, etc. | La Roca |
| 260 ## - Pie de imprenta | |
| Fecha de publicación, distribución, etc. | 2014 |
| 300 ## - Descripción física | |
| Extensión | 296 páginas |
| 490 ## - Serie | |
| Título de la Serie | Investigación Criminal |
| 650 ## - Materia general | |
| Temática (materia general) | CRIMINALÍSTICA |
| 650 ## - Materia general | |
| Temática (materia general) | PERITOS FORENSES |
| 650 ## - Materia general | |
| Temática (materia general) | DIBUJO DE ROSTROS |
| 650 ## - Materia general | |
| Temática (materia general) | ARTE FORENSE |
| 650 ## - Materia general | |
| Temática (materia general) | SISTEMAS DE IDENTIFICACIÓN |
| 650 ## - Materia general | |
| Temática (materia general) | TÉCNICAS DEL DIBUJO |
| 650 ## - Materia general | |
| Temática (materia general) | PERFIL DEL VIOLADOR |
| 650 ## - Materia general | |
| Temática (materia general) | ANTROPOLOGÍA FORENSE |
| 942 ## - Punto de acceso adicional KOHA | |
| Tipo de ítem KOHA | Libro |
| Fuente del sistema de clasificación o colocación | Dewey Decimal Classification |
| Signatura completa | Código de barras | Programa Académico | Tipo de ítem |
|---|---|---|---|
| 363.25 S717d | 22832 | Investigación Criminal | Libro |